000 00751nam a2200241 a 4500
001 18060
003 CO-ViMGA
008 141112s2004 ck r 000 u spa d
020 _a8485691547
040 _aCO-ViMGA
_bspa
_cCO-ViMGA
082 0 4 _a396.1 V465
100 1 _aMaquieira, Virginia; Sanchez, Cristina
_925651
245 1 0 _aViolencia y sociedad patriarcal
260 _aMadríd (España),
_cPablo Iglesias,
_c1990
300 _a154.p.
590 _aForma de adquisición : Premio - Mincultura
650 1 4 _aDISCRIMINACION SEXUAL CONTRA LA MUJER
_925652
650 1 4 _aFEMINISMO
_91108
650 1 4 _aMUJER - CONDICIONES SOCIALES
_925653
650 1 4 _aPATRIARCADO
_925654
650 1 4 _aVIOLENCIA - ASPECTOS SOCIALES
_925655
942 _2ddc
_cBK
999 _c27436
_d27436